Statistics for Dance Moms Trivia!! Name all of the ALDC Elite team past and present and Minis!!

Click here to take the quiz!

General Stats

  • This quiz has been taken 426 times
  • The average score is 10 of 26

Answer Stats

Answer % Correct
Maddie Ziegler
75%
Brooke Kosinski
74%
Mackenzie Ziegler
72%
Paige Hyland
62%
Chloe Lukasiak
61%
Kendall Vertes
60%
Elliana Walmsley
58%
Brooke Hyland
57%
Kalani Hilliker
49%
Jojo Siwa
47%
Brynn Rumfallo
46%
Peyton Evans
44%
Nia Sioux Frazier
32%
Alexus Oladi
30%
Areana Lopez
30%
Vivi-Anne Nesbitt Stein
27%
Sarah Reasons
27%
Asia Monet Ray
27%
Lilianna Ketchman
23%
Sophia Lucia
23%
Payton Ackerman
18%
Tea Adamson
17%
Kamryn Beck
16%
Jade Cloud
16%
Ava Cota
14%
Sarah Hunt
14%

Score Distribution

Percentile by Number Answered

Percent of People with Each Score

Your Score History

You have not taken this quiz